000 00373pab a2200145 454500
008 180718b16 Feb xxu||||| |||| 00| 0 eng d
100 _aDas, Santanu
245 _aAutonomy in affiliated colleges : Issues and concerns
260 _c16 Feb
300 _ap.174-178.
362 _a2015
650 _aEducational autonomy
773 _aUniversity News
909 _a107082
999 _c107077
_d107077